000 00272nam a2200121Ia 4500
008 190216s9999||||xx |||||||||||||| ||und||
100 _aRabindranath Tagore
245 4 _aThe Wreck
260 _bMacmillan
_c1980
300 _a414p
650 _aEnglish Novel
942 _cBK
999 _c12503
_d12503